Nazwy powiatów, które się powtarzają - Statystyki

Ogólne statystyki
  • Ten quiz został rozwiązany 33 razy
  • Średni wynik to 7 z 10
Statystyki odpowiedzi
Powiat 1 Powiat 2 Nazwa % Poprawnych
Grodków, Lewin Brzeski, Olszanka, Lubsza, Skarbimierz Czchów, Gnojnik, Iwkowa, Dębno, Borzęcin, Szczurowa brzeski
81%
Gminy Brańsk, Orla, Rudka, Wyszki, Boćki Szczyrk, Czechowice-Dziedzice, Wilamowice, Buczkowice, Bestwina, Kozy, Porąbka, Jaworze, Jasienica, Wilkowice bielski
78%
Odolanów, Nowe Skalmierzyce, Raszków, Sośnie, Przygodzice, Sieroszewice Brok, Nur, Wąsewo, Stary Lubotyń, Andrzejewo, Małkinia Górna, Szulborze Wielkie, Nur, Boguty-Pianki, Zaręby Kościelne ostrowski
75%
Poniatowa, Józefów nad Wisłą, Chodel, Łaziska, Karczmiska Ozimek, Niemodlin, Tułowice, Prószków, Dąbrowa, Popielów, Dobrzeń Wielki, Łubniany, Murów, Turawa, Tarnów Opolski, Chrząstowice, Komprachcice opolski
72%
Gubin, Bobrowice, Dąbie, Maszewo, Bytnica Rymanów, Jedlicze, Dukla, Iwonicz-Zdrój, Jaśliska, Chorkówka, Miejsce Piastowe, Krościenko Wyżne, Korczyna, Wojaszówka krośnieński
69%
Budziszewice, Będków, Czerniewice, Inowłódz, Lubochnia, Żelechlinek, Rzeczyca, Rokiciny Lubycza Królewska, Łaszczów, Tyszowce, Susiec, Bełżec, Jarczów, Rachanie, Ulhówek, Tarnawatka, Telatyn, Krynice tomaszowski
69%
Krynica Morska, Stegna, Sztutowo, Ostaszewo Nasielsk, Zakroczym, Pomiechówek, Czosnów, Leoncin nowodworski
66%
Malczyce, Miękinia, Kostomłoty, Udanin Nowe Miasto nad Wartą, Zaniemyśl, Krzykosy, Dominowo średzki
66%
Świebodzice, Strzegom, Żarów, Jaworzyna Śląska, Marcinowice, Dobromierz Piaski, Mełgiew, Trawniki, Rybczewice świdnicki
66%
Rakoniewice, Wielichowo, Granowo, Kamieniec Milanówek, Podkowa Leśna, Baranów, Jaktorów, Żabia Wola grodziski
63%
Nie znaleziono quizów pasujących do podanych kryteriów
Rozkład punktacji
Procent ludzi z każdym wynikiem
Percentyl według liczby udzielonych odpowiedzi
Twoja historia wyników
Nie rozwiązałeś tego quizu